000 01079nam a22002297a 4500
003 OSt
005 20251211144006.0
008 251211b |||||||| |||| 00| 0 eng d
040 _cDCL
082 _a၂၉၄.၃၆၃
245 0 0 _aဝင်၉-ဝင်ဝတ္တု၊
_n(တတိယတွဲ)
_bဒါဌာဓာတုဝင်၊ နလာဋဓာတုဝင်၊ ဗောဓိဝင်၊ ဒီပဝင်၊ ဆကေသဓာတုဝင်ဝတ္ထု။
250 _aဆဋ္ဌမအကြိမ်။
264 _aရန်ကုန် ၊
_bသာသနာရေးဦးစီး၊
_c၂၀၁၆။
300 _a၉၈၇-၁၄၅၉ စာမျက်နှာ ၊
_c၂၆ စင်တီ။
650 _aဗုဒ္ဓဝင်။
650 _aဒါဌာဓာတုဝင်။
650 _aနလာဋဓာတုဝင်။
650 _aဗောဓိဝင်။
650 _aဒီပဝင်။
650 _aဆကေသဓာတုဝင်ဝတ္ထု။
942 _2ddc
_cSHORT TERM
_n0
999 _c2688
_d2688